00385nam a2200121Ia 4500008004100000041001200041082001500053100003900068245008400107260003600191300001100227650002500238231217s9999 xx 000 0 und d aEnglish a620.3 JAM aJames M LSmith G MWolford J C etc 0aVibration of mechanical and structural systems: With microcomputer applications c1989bHarper and Row, Singapore axi+652 aVibration,mechanical